000 00504nam a2200145 a 4500
001 000039266
005 20201002031553.0
008 130619s1993 dr r 000 0 spa d
040 _aDO-SdBNP
_bspa
_cBNPHU
082 _axxxx
_bxxxx
111 2 _aCongreso de sexualidad humana
_n(4to. :
_d1993-nov-3-5 :
_cSanto Domingo)
_965465
245 1 0 _aMemorias IV congreso de sexualidad humana :
_beducación sexual ¿una alternativa viable?
260 _aSanto Domingo :
_bCenapec,
_c1993.
300 _a179 p. ;
_c22 cm.
999 _c38756
_d38756